00612nam a2200181 a 450000100100000000500170001000800410002704000250006808200150009310000250010824500560013326000410018930000210023049000200025183000290027195201130030099900170041300004397920201002045057.0140512s1970 enk 000 p spa d aDO-SdBNPbspacBNPHU axxxxbxxxx1 aHalet, Pierre97193313aLa double migration de Job Cardoso /cPierre Halet. aParis :bÉditions du Seuil,c1970. a126 p. ;c18 cm.1 aThéâtrev28 0aThéâtre ;n28971934 001050718MOaGRbGRcCTd2014-05-12iLF1l0oxxxx xxxxp43979-10r2020-06-25w2020-06-25y1ZNo se presta c43468d43468